Loading...

UAE-Lebanon-Turkey yatra

Bibliographic Details
Main Author: Chacko M C
Format: Printed Book
Published: Kottayam M C Chacko 2011
Subjects:
LEADER 00673nam a22002171a 4500
020 |a 8124018960  |c 0.00 
040 |a SSUS - Library - Kalady 
082 |a M080 32  |b CHA/U 
100 |a Chacko M C 
245 |a UAE-Lebanon-Turkey yatra  |h [Text] 
260 |a Kottayam  |b M C Chacko  |c 2011 
300 |a 148p. 
600 |a Travelogue Malayalam 
600 |a Travelogue 
600 |a Travel U.A.E 
600 |a Travel Lebanon 
600 |a Travel Turkey 
852 |h M080 32  |i CHA/U  |p 061965  |9 85.00  |t 0 
942 |c BK 
999 |c 47861  |d 47861 
952 |0 0  |1 0  |4 0  |6 M_080_320000000000000_CHA_U  |7 0  |9 69334  |a SSUS  |b SSUS  |d 2015-01-08  |g 85.00  |o M080 32 CHA/U  |p 061965  |r 2016-03-28  |v 0.00  |w 2015-01-08  |y BK